| 000 | 00573nam a2200205Ia 4500 | ||
|---|---|---|---|
| 005 | 20250923145756.0 | ||
| 008 | 008 250917s9999 xx 000 0 eng d | ||
| 037 | _aTextual | ||
| 040 |
_aDSWL _beng _cDSWL |
||
| 041 |
_aeng _2eng |
||
| 084 |
_aYX,Ab5-P.2, N87 _qDSWL |
||
| 100 |
_aSharma, A.K. _9838826 |
||
| 245 | 0 |
_aFertility and family planning in rural Areas _cby A.K.Sharma |
|
| 260 |
_aDelhi _bMittal _c1987 |
||
| 300 | _a164p. | ||
| 365 |
_aINR _b110.00 |
||
| 925 | _g110.00 | ||
| 942 |
_cTEXL _hYX,Ab5-P.2, N87 |
||
| 999 |
_c1455533 _d1455533 |
||